| 000 | 00809nam a2200241Ia 4500 | ||
|---|---|---|---|
| 005 | 20220601112646.0 | ||
| 008 | 210716s2011 xx 000 0 und d | ||
| 020 | _a9788184047486 | ||
| 040 | _cAIMIT LIBRARY | ||
| 041 | _aeng | ||
| 082 |
_a006.35 _21 _bBIRS |
||
| 100 |
_aBird, Steven. _939867 |
||
| 245 |
_aNatural language processing with python / _cBy Steven Bird...[et.al]. |
||
| 250 | _a1st ed. | ||
| 260 |
_aNew Delhi : _bShroff Publishers and Distributors Pvt Ltd , _c2011. |
||
| 300 |
_axx,479,23p. ; _c23cm. |
||
| 650 |
_aAccessing text corpora and lexical resources _939868 |
||
| 650 |
_aBuilding feature based grammars _939890 |
||
| 650 |
_aCategorizing and tagging words _939891 |
||
| 700 |
_aKlein, Ewan. _939869 |
||
| 700 |
_aLoper, Edward. _939870 |
||
| 942 |
_2ddc _cBK _e1st _k006.35 BIRS |
||
| 999 |
_c192566 _d192566 |
||